[Event "38th Olympiad w"]
[Site "Dresden GER"]
[Date "2008.11.22"]
[Round "9"]
[White "Chaves,Joa"]
[Black "Rivera,Dai"]
[Result "1-0"]
[WhiteElo "2065"]
[BlackElo "2073"]
[EventDate "2008.11.13"]

1. e4 c5 2. Nc3 a6 3. g3 b5 4. Bg2 Bb7 5. d3 e6 6. f4 Ne7 7. Be3 d6 8. Nge2
g6 9. O-O Bg7 10. Qe1 h5 11. Qf2 Nd7 12. h3 Qc7 13. Rae1 Rc8 14. f5 gxf5
15. exf5 e5 16. Bxb7 Qxb7 17. Ne4 Qc6 18. f6 Nxf6 19. Nxf6+ Kd8 20. Bg5 Kc7
21. Qg2 d5 22. Nxd5+ Nxd5 23. Rxf7+ Kb6 24. Rxg7 Rhg8 25. Rxg8 Rxg8 26. h4
Nb4 27. Qxc6+ Kxc6 28. Nc3 Nxc2 29. Rxe5 Nd4 30. Kg2 Nc2 31. Bf4 Rd8 32.
Rxh5 Ne1+ 33. Kf1 Nxd3 34. Rh6+ Kb7 35. Rd6 Rxd6 36. Bxd6 Kc6 37. Bb8 Nxb2
38. h5 b4 39. Ne2 Kb5 40. Nc1 Nd1 41. h6 c4 42. h7 Ka4 43. h8=Q 1-0

[Event "38th Olympiad w"]
[Site "Dresden GER"]
[Date "2008.11.22"]
[Round "9"]
[White "Bernales,C"]
[Black "Coelho,T"]
[Result "1/2-1/2"]
[WhiteElo "1998"]
[BlackElo "1820"]
[EventDate "2008.11.13"]

1. e4 d5 2. exd5 Nf6 3. d4 Nxd5 4. c3 g6 5. Bd3 Bg7 6. Ne2 O-O 7. O-O Nd7
8. Qb3 e6 9. Nd2 c5 10. Nf3 cxd4 11. cxd4 Qb6 12. Qd1 N7f6 13. b3 Bd7 14.
Bb2 Rac8 15. Ne5 Bb5 16. Nc4 Bxc4 17. Bxc4 Rfd8 18. Ng3 Ne7 19. Qe2 Nc6 20.
Rad1 Nxd4 21. Bxd4 Rxd4 22. Rxd4 Qxd4 23. Bxe6 Re8 24. Qc4 Qxc4 25. Bxc4
Rd8 26. Re1 Kf8 27. h3 Rd2 28. Re2 Rxe2 29. Nxe2 Nd7 30. Nf4 Bd4 31. Kf1
Nf6 32. Ne2 Bc5 33. f3 Ke7 34. Ke1 Bb4+ 35. Kd1 a6 36. a4 a5 37. Nd4 Bc5
38. Ne2 Bd6 39. Kd2 Nh5 40. Kd3 Nf4+ 41. Nxf4 Bxf4 42. Ke4 Bd6 43. Kd5 Bb4
44. Ke5 b6 45. Kd5 Be1 46. Ke4 1/2-1/2

[Event "38th Olympiad w"]
[Site "Dresden GER"]
[Date "2008.11.22"]
[Round "9"]
[White "Ostry,I"]
[Black "Sahl,S"]
[Result "1-0"]
[WhiteElo "2183"]
[BlackElo "2219"]
[EventDate "2008.11.13"]

1. e4 c5 2. Nf3 d6 3. d4 cxd4 4. Nxd4 Nf6 5. Bd3 a6 6. O-O e6 7. c4 Be7 8.
Nc3 Bd7 9. Qe2 Nc6 10. Nxc6 Bxc6 11. b4 O-O 12. b5 axb5 13. cxb5 Be8 14. a4
Nd7 15. Rd1 Bf6 16. Bb2 Qa5 17. Ra3 Nc5 18. g3 Bd7 19. Bc4 Qb4 20. Rda1
Rfc8 21. a5 Nxe4 22. Nxe4 Qxb2 23. Nxd6 Rcb8 24. Ne4 Bd4 25. Qd3 f5 26. Nd2
Rd8 27. Rb1 Bxf2+ 28. Kxf2 Qf6 29. Qe3 Kh8 30. Nf3 Rdc8 31. Ne5 g5 32. Nxd7
Qe7 33. Qe5+ Kg8 34. Bxe6+ 1-0

[Event "38th Olympiad w"]
[Site "Dresden GER"]
[Date "2008.11.22"]
[Round "9"]
[White "Bjerke,S"]
[Black "Lim,G"]
[Result "1/2-1/2"]
[WhiteElo "2204"]
[BlackElo "2072"]
[EventDate "2008.11.13"]

1. e4 c5 2. Nf3 d6 3. d4 cxd4 4. Nxd4 Nf6 5. Nc3 a6 6. Bc4 e6 7. O-O Be7 8.
Bb3 O-O 9. Qf3 Qc7 10. Qg3 Rd8 11. Bh6 g6 12. Bg5 Nc6 13. Nf5 exf5 14. Bxf6
Bxf6 15. Nd5 Qa5 16. Nxf6+ Kg7 17. Qh4 Be6 18. Nd5 Bxd5 19. Bxd5 fxe4 20.
Qxe4 Re8 21. Qf3 Qc7 22. Qc3+ f6 23. Rad1 Rab8 24. Bb3 Rbc8 25. Rd5 Re5 26.
Rfd1 Rxd5 27. Rxd5 Qe7 28. h4 Rd8 29. Rd3 Re8 30. Re3 Qd7 31. h5 Rxe3 32.
Qxe3 g5 33. Bd5 Nb4 34. Be6 Qe7 35. Qb3 Nc6 36. c3 Nd8 37. Bc4 Qe1+ 38. Bf1
Qe7 39. Qd5 Qe5 40. Qxe5 fxe5 41. Bc4 h6 42. f3 Kf6 43. Kf2 b5 44. Bd5 Ne6
45. b4 Nc7 46. Bb7 Ke6 47. g3 Nd5 48. Bc8+ Kf6 49. Bxa6 Nxc3 50. a3 d5 51.
Ke3 Ke6 52. Kd3 d4 53. f4 gxf4 54. gxf4 Kf5 55. fxe5 Kxe5 56. Kc2 Ke4 57.
Bb7+ Ke3 58. Bc6 Ke2 59. Bd7 Ke3 60. Bc6 Ke2 61. Bd7 Ke3 62. Bc6 1/2-1/2

[Event "38th Olympiad w"]
[Site "Dresden GER"]
[Date "2008.11.22"]
[Round "9"]
[White "Shyngys Kyzy,A"]
[Black "Jorgensen,L"]
[Result "1-0"]
[WhiteElo "1707"]
[BlackElo "1946"]
[EventDate "2008.11.13"]

1. e4 e5 2. Nf3 Nc6 3. Bb5 a6 4. Bxc6 dxc6 5. O-O Qd6 6. d4 exd4 7. Nxd4 c5
8. Ne2 Bd7 9. Qe1 O-O-O 10. Nbc3 Ne7 11. Nf4 Bc6 12. Be3 Ng6 13. Rd1 Qf6
14. Ncd5 Qxb2 15. Qa5 Bd6 16. Nd3 Qb5 17. Qc3 Bxd5 18. exd5 c4 19. Nc5 Bxc5
20. Rb1 Bb4 21. Rxb4 Qxd5 22. Rxc4 c6 23. h3 f6 24. Rc5 Qe4 25. Rb1 Ne7 26.
Qb3 Rd7 27. Ra5 Nd5 28. Rxa6 Nxe3 29. fxe3 Rd1+ 30. Rxd1 bxa6 31. Qb6 a5
32. Rb1 Qe8 33. Qb7+ Kd8 34. Rd1+ 1-0

[Event "38th Olympiad w"]
[Site "Dresden GER"]
[Date "2008.11.22"]
[Round "9"]
[White "Perez,En"]
[Black "Leite,C"]
[Result "1-0"]
[WhiteElo "2097"]
[BlackElo "2153"]
[EventDate "2008.11.13"]

1. d4 d5 2. e3 Bf5 3. Bd3 e6 4. Bxf5 exf5 5. Qd3 Qd7 6. Nf3 Bd6 7. c4 dxc4
8. Qxc4 Nf6 9. Nc3 c6 10. Bd2 Na6 11. O-O O-O 12. Rfd1 Rfe8 13. a3 Nc7 14.
Qd3 Ncd5 15. Rac1 Re7 16. Rc2 Rae8 17. Nxd5 Nxd5 18. Ne5 Bxe5 19. dxe5 Rxe5
20. Bc3 Re4 21. f3 Rxe3 22. Qd4 f6 23. Qxa7 Qe7 24. h3 Re6 25. Rf2 Nf4 26.
Kh2 Ne2 27. Qa5 c5 28. f4 Re4 29. Qb5 Qf7 30. Qxc5 Qg6 31. Rd3 h5 32. Qd5+
Kh7 33. Rxe2 Rxe2 34. Rg3 Qh6 35. Qxf5+ g6 36. Qxf6 Rf8 37. Qd6 Rf2 38.
Qe7+ Kg8 39. Qe6+ Kh7 40. Qe7+ Kg8 41. Qe6+ Kh7 42. Qd7+ Kg8 43. Be5 R2xf4
44. Bxf4 Rxf4 45. Qxb7 Rf7 46. Qb8+ Kh7 47. Qd6 Qg7 48. b4 Rd7 49. Qc6 Rc7
50. Qe4 Re7 51. Qf4 Rf7 52. Qg5 Re7 53. Re3 Rxe3 54. Qxe3 Qc7+ 55. Kg1 Qc4
56. Qc5 Qe2 57. b5 Qe1+ 58. Kh2 Qa5 59. Qe7+ Kg8 60. Qe6+ Kg7 61. b6 Qc5
62. Qd7+ Kh6 63. Qc7 1-0

[Event "38th Olympiad w"]
[Site "Dresden GER"]
[Date "2008.11.22"]
[Round "9"]
[White "Jose Polanco,Ken"]
[Black "Baptista,A"]
[Result "0-1"]
[WhiteElo "2028"]
[BlackElo "2168"]
[EventDate "2008.11.13"]

1. d4 Nf6 2. Nf3 e6 3. Bf4 c5 4. e3 Qb6 5. b3 Nc6 6. Be2 Nd5 7. dxc5 Bxc5
8. O-O Nxf4 9. exf4 O-O 10. Nc3 Qb4 11. Na4 Be7 12. Qd2 Bf6 13. c3 Qe7 14.
Rac1 d5 15. Bd3 Bd7 16. Rfe1 g6 17. Ne5 Nxe5 18. fxe5 Bg7 19. Nb2 Rac8 20.
c4 f6 21. cxd5 Rxc1 22. Rxc1 exd5 23. exf6 Qxf6 24. Nd1 Bc6 25. b4 d4 26.
Bc4+ Kh8 27. b5 Be4 28. f3 Bf5 29. Bd5 Qb6 30. Bc4 d3+ 31. Kh1 Re8 32. Nc3
Qe3 33. Qxe3 Rxe3 34. Ne4 Bxe4 35. fxe4 d2 36. Rg1 Re1 37. Bb3 Bd4 0-1

[Event "38th Olympiad w"]
[Site "Dresden GER"]
[Date "2008.11.22"]
[Round "9"]
[White "Zepeda,L"]
[Black "Topel,Z"]
[Result "1-0"]
[WhiteElo "2159"]
[BlackElo "2214"]
[EventDate "2008.11.13"]

1. e4 c5 2. Nf3 Nc6 3. d4 cxd4 4. Nxd4 Nf6 5. Nc3 d6 6. Bc4 e6 7. Be3 Be7
8. Qe2 a6 9. O-O-O Qc7 10. Rhg1 O-O 11. g4 b5 12. Bb3 Na5 13. g5 Nxb3+ 14.
axb3 Nd7 15. Nf5 exf5 16. Nd5 Qd8 17. exf5 Bb7 18. f6 Bxd5 19. fxe7 Qxe7
20. Rxd5 Rac8 21. Rgd1 Nc5 22. Kb1 Nb7 23. Qg4 Rfe8 24. R5d4 Qe6 25. Qf3
Re7 26. h4 a5 27. h5 a4 28. bxa4 bxa4 29. Rxa4 Qd7 30. Ra3 Qb5 31. h6 Rec7
32. Rc1 Na5 33. Qe4 Rc4 34. Qd3 Rb8 35. b3 d5 36. hxg7 Rg4 37. Qf5 Rh4 38.
Qf6 Qb4 39. Rxa5 Qxa5 40. g6 fxg6 41. Qxh4 Ra8 42. Kb2 Qa3+ 43. Kc3 Qa5+
44. Kd3 d4 45. Bxd4 Qb5+ 46. Kd2 Qb4+ 47. Ke2 Re8+ 48. Kf3 Qd2 49. Qf4 Qe2+
50. Kg2 g5 51. Qf3 Qe6 52. Ra1 g4 53. Qb7 Qf5 54. Qc6 Rc8 55. Ra5 1-0

[Event "38th Olympiad w"]
[Site "Dresden GER"]
[Date "2008.11.22"]
[Round "9"]
[White "Bayrak,A"]
[Black "Sanchez,In"]
[Result "1-0"]
[WhiteElo "2005"]
[BlackElo "1952"]
[EventDate "2008.11.13"]

1. e4 e5 2. Bc4 Bc5 3. Nf3 Nc6 4. d3 d6 5. O-O Nf6 6. h3 h6 7. Nc3 Na5 8.
Qe2 Nxc4 9. dxc4 g5 10. Be3 Bb4 11. Nd5 Nxd5 12. cxd5 Bd7 13. c4 Ba5 14. c5
Qe7 15. Rac1 a6 16. Rfd1 g4 17. hxg4 Bxg4 18. Qc2 Bxf3 19. gxf3 Qd7 20. Kf1
Qb5+ 21. Rd3 h5 22. c6 bxc6 23. a4 Qb8 24. Qxc6+ Ke7 25. f4 Qxb2 26. fxe5
Qxe5 27. Bd4 Qf4 28. e5 Rhd8 29. Re3 Qxd4 30. exd6+ Kf8 31. dxc7 Bxc7 32.
Qxc7 Qf6 33. Qc5+ Qd6 34. Qd4 Qh6 35. Rc6 Qh7 36. Qc5+ Kg7 37. Rg3+ 1-0

[Event "38th Olympiad w"]
[Site "Dresden GER"]
[Date "2008.11.22"]
[Round "9"]
[White "Nekrasova,E"]
[Black "Solomons,A"]
[Result "1/2-1/2"]
[WhiteElo "2091"]
[BlackElo "1908"]
[EventDate "2008.11.13"]

1. e4 e5 2. Nf3 Nc6 3. Bb5 a6 4. Ba4 Nf6 5. O-O Be7 6. Re1 b5 7. Bb3 O-O 8.
h3 Bb7 9. d3 d5 10. exd5 Nxd5 11. Nxe5 Nd4 12. Nc3 Nxb3 13. axb3 Nb4 14. d4
c5 15. Be3 Bd6 16. Nd3 cxd4 17. Bxd4 Qg5 18. Ne4 Qg6 19. f3 Nxd3 20. Qxd3
Bf4 21. Nc5 Qxd3 22. Nxd3 Bd6 23. Bc5 Rad8 24. b4 Bc8 25. Red1 Rfe8 26. Kf2
f6 27. Bxd6 Rxd6 28. Nc5 Red8 29. Rxd6 Rxd6 30. Ke2 Kf7 31. Rd1 Rxd1 32.
Kxd1 Ke7 33. h4 Kd6 34. Kd2 Kd5 35. Kc3 a5 36. Nd3 1/2-1/2

[Event "38th Olympiad w"]
[Site "Dresden GER"]
[Date "2008.11.22"]
[Round "9"]
[White "Mouradian,S"]
[Black "Ellappen,J"]
[Result "1/2-1/2"]
[WhiteElo "1828"]
[BlackElo "1917"]
[EventDate "2008.11.13"]

1. e4 c5 2. c3 d5 3. exd5 Qxd5 4. d4 e6 5. Nf3 Nf6 6. Be2 Be7 7. O-O O-O 8.
h3 Nc6 9. Be3 cxd4 10. cxd4 Rd8 11. Nc3 Qa5 12. Qb3 Qb4 13. Qc2 Bd7 14. a3
Qd6 15. b4 Rac8 16. Qb3 Be8 17. Rfc1 Bf8 18. b5 Na5 19. Qa4 b6 20. Ne5 a6
21. Nc4 Nxc4 22. Bxc4 axb5 23. Nxb5 Bxb5 24. Qxb5 Ra8 25. a4 Ra5 26. Qb3
Rda8 27. Bb5 Nd5 28. Bd2 R5a7 29. Rc6 Qd8 30. Bc4 g6 31. Bxd5 Qxd5 32. Rxb6
Qxb3 33. Rxb3 Rxa4 34. Rxa4 Rxa4 35. Rb8 Ra1+ 36. Kh2 Kg7 37. Bh6+ Kxh6 38.
Rxf8 Kg7 39. Rd8 1/2-1/2

[Event "38th Olympiad w"]
[Site "Dresden GER"]
[Date "2008.11.22"]
[Round "9"]
[White "Ptacnikova,L"]
[Black "Milligan,H"]
[Result "1-0"]
[WhiteElo "2237"]
[BlackElo "1957"]
[EventDate "2008.11.13"]

1. c4 Nf6 2. g3 e6 3. Bg2 d5 4. Nf3 d4 5. O-O c5 6. e3 Nc6 7. exd4 cxd4 8.
d3 Be7 9. Na3 O-O 10. Nc2 a5 11. b3 Ne8 12. a3 f6 13. Bd2 e5 14. b4 a4 15.
Nfe1 Nc7 16. f4 Qe8 17. f5 b5 18. cxb5 Nxb5 19. Qf3 Bd7 20. Qd5+ Kh8 21.
Qxb5 Nxb4 22. Qb7 Rb8 23. Qf3 Bc6 24. Qd1 Nxc2 25. Qxc2 1-0

[Event "38th Olympiad w"]
[Site "Dresden GER"]
[Date "2008.11.22"]
[Round "9"]
[White "Maroroa,S"]
[Black "Thorsteinsdottir,H"]
[Result "0-1"]
[WhiteElo "1938"]
[BlackElo "1915"]
[EventDate "2008.11.13"]

1. e4 c6 2. d4 d5 3. exd5 cxd5 4. Bd3 Nc6 5. c3 Nf6 6. Ne2 Bg4 7. f3 Bh5 8.
Nf4 Bg6 9. Nxg6 hxg6 10. Bf4 e6 11. Qd2 Nh5 12. Na3 Nxf4 13. Qxf4 Bd6 14.
Qd2 Qh4+ 15. Ke2 Bxh2 16. Raf1 O-O-O 17. Kd1 Qf4 18. Qc2 Rh6 19. Nb1 Kb8
20. Nd2 Rc8 21. Qa4 Qg3 22. Nb3 Qxg2 23. Be2 Bd6 24. Rxh6 gxh6 25. Nc5 Bxc5
26. dxc5 e5 27. b4 Ne7 28. Qd7 Qg5 29. Kc2 Qf5+ 30. Qxf5 Nxf5 31. Kd2 Ng3
32. Re1 Nxe2 33. Rxe2 Re8 34. f4 f6 35. Rh2 Rh8 36. Rg2 g5 37. fxe5 fxe5
38. Re2 Re8 39. Rh2 Rh8 40. Re2 Re8 41. Rh2 Re6 42. Ke3 Kc7 43. a4 g4 44.
Rh4 Rg6 45. Kf2 Kc6 46. Kg3 a5 47. Rh5 e4 48. Rf5 e3 49. b5+ Kxc5 50. Re5
Kc4 51. Rxe3 h5 52. Re7 h4+ 53. Kg2 h3+ 54. Kg3 Rh6 55. Re1 h2 56. Rh1 Kxc3
57. Kxg4 d4 58. Kf3 d3 0-1

[Event "38th Olympiad w"]
[Site "Dresden GER"]
[Date "2008.11.22"]
[Round "9"]
[White "Fridthjofsdottir,S"]
[Black "Smith,V"]
[Result "0-1"]
[WhiteElo "1806"]
[BlackElo "1858"]
[EventDate "2008.11.13"]

1. e4 d6 2. d4 Nf6 3. Nc3 g6 4. f4 Bg7 5. Nf3 O-O 6. Bd3 Na6 7. O-O c5 8.
d5 Bg4 9. h3 Bxf3 10. Qxf3 Nb4 11. Rf2 Nxd3 12. cxd3 a6 13. a4 b6 14. Re2
Nd7 15. Bd2 Rb8 16. Rf1 b5 17. axb5 axb5 18. Be1 c4 19. dxc4 Bd4+ 20. Kh1
bxc4 21. Bf2 Bxf2 22. Qxf2 Qb6 23. Qh4 Qd8 24. e5 f5 25. Qh6 Nc5 26. h4 Nd3
27. e6 Rxb2 28. Rxb2 Nxb2 29. Rf3 Nd3 30. Rg3 Nf2+ 31. Kh2 Ng4+ 32. Rxg4
fxg4 33. Ne4 Rf5 34. Ng5 Rxg5 35. Qxg5 Qf8 36. Qxg4 Qf5 37. Qf3 Qd3 38. Qg4
Qxd5 39. Qe2 c3 40. Kh3 Qd2 41. Qb5 Qe3+ 42. g3 Qxe6+ 43. Kh2 Kf7 44. h5 c2
45. hxg6+ hxg6 46. Qd3 c1=Q 0-1

[Event "38th Olympiad w"]
[Site "Dresden GER"]
[Date "2008.11.22"]
[Round "9"]
[White "Fairley,N"]
[Black "Kristinardottir,E"]
[Result "0-1"]
[WhiteElo "1803"]
[BlackElo "1776"]
[EventDate "2008.11.13"]

1. e4 c6 2. d4 d5 3. Nc3 dxe4 4. Nxe4 Bf5 5. Ng3 Bg6 6. Nf3 Nd7 7. c3 e6 8.
Bd3 Bxd3 9. Qxd3 Ngf6 10. O-O Be7 11. Qe2 O-O 12. b3 Rc8 13. c4 c5 14. Bb2
cxd4 15. Bxd4 Bc5 16. Rad1 Bxd4 17. Rxd4 Qc7 18. Rh4 Rfd8 19. Rd1 Nf8 20.
Rhd4 Rxd4 21. Rxd4 Rd8 22. h3 Ng6 23. Qe3 a6 24. Ne4 Nxe4 25. Qxe4 Rxd4 26.
Qxd4 h6 27. b4 Ne7 28. c5 Nd5 29. a3 Qc6 30. Ne5 Qa4 31. Qd3 Nxb4 32. axb4
Qa1+ 33. Kh2 Qxe5+ 34. g3 Qd5 35. Qc3 e5 36. h4 Kf8 37. Qc2 e4 38. Kg1 Ke7
39. Qe2 Qd3 40. Qe1 Kd7 41. Qc1 Kc6 42. Qf4 Qd5 43. Qb8 Kb5 44. Qf8 g6 45.
Qxh6 Kxb4 46. Qf8 Kb3 47. Qe7 a5 48. Qc7 a4 49. Qb6+ Ka2 50. Qb5 Qb3 51.
Qe2+ Ka1 52. Kh2 Qd3 53. Qe1+ Kb2 54. Qb4+ Qb3 55. Qd4+ Kc1 56. Qxe4 a3 57.
Qe1+ Kb2 58. Qd2+ Kb1 59. Qe1+ Kc2 60. Qe2+ Kc3 61. Qe5+ Kc4 62. Qe4+ Kxc5
63. Qe7+ Kc6 64. Qe4+ Kb6 65. Qd4+ Ka6 66. Qd6+ b6 67. Qd8 a2 68. Qe8 Qd5
69. Qc8+ Kb5 70. Qe8+ Ka5 71. Qb8 b5 72. Qa7+ Kb4 73. Qe7+ Kb3 74. Qe3+ Kc4
75. Qc1+ Kd4 76. Qe3+ Kc4 77. Qc1+ Kb4 78. Qf4+ Kc5 79. Qc7+ Kb4 80. Qf4+
Ka5 81. Qc7+ Ka6 82. Qc8+ Kb6 83. Qb8+ Kc6 84. Qe8+ Kd6 0-1

[Event "38th Olympiad w"]
[Site "Dresden GER"]
[Date "2008.11.22"]
[Round "9"]
[White "Colombo,C"]
[Black "Sammalvuo,N"]
[Result "0-1"]
[WhiteElo "2071"]
[BlackElo "2245"]
[EventDate "2008.11.13"]

1. d4 Nf6 2. c4 e6 3. Nf3 b6 4. g3 Ba6 5. b3 Bb4+ 6. Bd2 Be7 7. Bg2 c6 8.
O-O d5 9. Bc3 Ne4 10. Bb2 Nd7 11. Nbd2 Ndf6 12. Ne5 Nxd2 13. Qxd2 Rc8 14.
Rfe1 O-O 15. Rad1 Bd6 16. f4 Qc7 17. Rc1 Qe7 18. a3 Bb7 19. b4 c5 20. dxc5
bxc5 21. b5 Rfd8 22. Qc2 Bxe5 23. fxe5 Ng4 24. e3 dxc4 25. h3 Nh6 26. Qxc4
Nf5 27. g4 Nh4 28. e4 Qg5 29. Rc2 Ng6 30. Qc3 h6 31. Qe3 Rd1 32. Rce2 Qxe3+
33. Rxe3 Rcd8 34. Kf1 Nf4 35. Bf3 Rxe1+ 36. Rxe1 Rd3 37. Bd1 Rxh3 38. Kg1
Nd3 39. Re2 Nxb2 40. Rxb2 Bxe4 41. Rd2 Rxa3 42. Be2 Bd5 43. Rc2 c4 44. Bxc4
Bxc4 45. Rxc4 Rb3 46. Rc5 Rg3+ 47. Kf2 Rxg4 48. Rc8+ Kh7 49. Rc7 Rb4 50.
Rxf7 Rxb5 51. Rxa7 Rxe5 0-1

[Event "38th Olympiad w"]
[Site "Dresden GER"]
[Date "2008.11.22"]
[Round "9"]
[White "Rautanen,S"]
[Black "Silva,Na"]
[Result "1/2-1/2"]
[WhiteElo "1981"]
[BlackElo "2029"]
[EventDate "2008.11.13"]

1. Nf3 Nf6 2. c4 e6 3. Nc3 Bb4 4. Qc2 b6 5. g3 Bb7 6. Bg2 O-O 7. O-O Bxc3
8. Qxc3 Ne4 9. Qc2 f5 10. d3 Nf6 11. b3 Qe8 12. Bb2 d6 13. d4 Nbd7 14. Rad1
Qh5 15. b4 Ne4 16. c5 Bd5 17. Nd2 Ndf6 18. Nxe4 fxe4 19. a3 Ng4 20. h3 Nxf2
21. Rxf2 Rxf2 22. Kxf2 e3+ 23. Kg1 Bxg2 24. Kxg2 Rf8 25. Rf1 Rxf1 26. Kxf1
Qxh3+ 27. Kg1 Qxg3+ 28. Kh1 Qh3+ 29. Kg1 Qg3+ 30. Kh1 Qh3+ 31. Kg1 1/2-1/2

[Event "38th Olympiad w"]
[Site "Dresden GER"]
[Date "2008.11.22"]
[Round "9"]
[White "Walta,P"]
[Black "De Leon,P"]
[Result "1-0"]
[WhiteElo "1824"]
[BlackElo "1748"]
[EventDate "2008.11.13"]

1. e4 e5 2. Bc4 Nf6 3. d3 Nc6 4. Nf3 Be7 5. O-O O-O 6. Re1 d6 7. c3 Bg4 8.
Nbd2 a6 9. Bb3 d5 10. exd5 Nxd5 11. h3 Bxf3 12. Nxf3 Bf6 13. Re4 Qd6 14.
Qe2 Rad8 15. Bd2 Nb6 16. Bc2 Nd7 17. b4 g6 18. Rd1 Bg7 19. Qe1 Nf6 20. Re2
Rfe8 21. a3 b6 22. Bc1 b5 23. Bb3 Re7 24. Be3 Nd7 25. Ng5 Ncb8 26. Ne4 Qc6
27. Bg5 Nf6 28. Nxf6+ Bxf6 29. Bh6 Rde8 30. Qd2 e4 31. d4 Nd7 32. Rc1 Nb6
33. Qa2 Rd8 34. Rec2 Rdd7 35. Bf4 Qb7 36. Re2 Kg7 37. Rce1 Rd8 38. Qd2 Rde8
39. Bh6+ Kg8 40. Qf4 Qc6 41. Qg3 Qd6 42. Bf4 Qd7 43. h4 h5 44. Qxg6+ Bg7
45. Qxh5 c6 46. Bg5 Nd5 47. Bxe7 Rxe7 48. Bxd5 1-0

[Event "38th Olympiad w"]
[Site "Dresden GER"]
[Date "2008.11.22"]
[Round "9"]
[White "Mencos,C"]
[Black "Saleh,No"]
[Result "1/2-1/2"]
[WhiteElo "1914"]
[BlackElo "1876"]
[EventDate "2008.11.13"]

1. e4 c5 2. Nf3 d6 3. d4 cxd4 4. Qxd4 Nc6 5. Bb5 Bd7 6. Bxc6 Bxc6 7. Nc3
Nf6 8. Bg5 e6 9. O-O-O Be7 10. Qd3 Qa5 11. Kb1 a6 12. Qd2 Rd8 13. Rhe1 Qc7
14. Nd4 b5 15. f3 O-O 16. g4 Rfe8 17. h4 Bd7 18. Nce2 Kh8 19. Ng3 Rc8 20.
Re2 a5 21. Nb3 b4 22. e5 Bb5 23. exd6 Bxd6 24. Qxd6 Bxe2 25. Qxc7 Rxc7 26.
Nxe2 a4 27. Nbc1 Nd5 28. Nd3 a3 29. Bd2 Rec8 30. Ne1 Kg8 31. Bf4 Rc4 32.
Bc1 axb2 33. Bxb2 f6 34. Rd4 Kf7 1/2-1/2

[Event "38th Olympiad w"]
[Site "Dresden GER"]
[Date "2008.11.22"]
[Round "9"]
[White "Bukhashem,F"]
[Black "Castillo,Di"]
[Result "1-0"]
[WhiteElo "1740"]
[BlackElo "2041"]
[EventDate "2008.11.13"]

1. e4 c5 2. Nf3 d6 3. d4 cxd4 4. Nxd4 Nf6 5. Nc3 a6 6. Be2 e6 7. Be3 Be7 8.
O-O O-O 9. Qd2 Qc7 10. Rae1 Nbd7 11. f4 b5 12. a3 Rb8 13. Nb3 Bb7 14. Bf3
Rfd8 15. Qf2 Ba8 16. f5 Ne5 17. Qg3 Nxf3+ 18. gxf3 exf5 19. exf5 Kh8 20.
Bd4 Rg8 21. Rf2 h6 22. Ne4 Nxe4 23. fxe4 Kh7 24. Ree2 a5 25. Rf4 Bf6 26.
Rg4 Be5 27. Bxe5 dxe5 28. Rg2 Qa7+ 1-0

[Event "38th Olympiad w"]
[Site "Dresden GER"]
[Date "2008.11.22"]
[Round "9"]
[White "Jamila,J"]
[Black "Monterroso,K"]
[Result "1-0"]
[WhiteElo "1744"]
[BlackElo "1733"]
[EventDate "2008.11.13"]

1. d4 d5 2. Nf3 c6 3. g3 Bf5 4. Bg2 h6 5. O-O Nf6 6. c4 e6 7. Nc3 Be7 8.
Re1 Nbd7 9. b3 O-O 10. Nd2 Qc7 11. e4 dxe4 12. Ndxe4 Nxe4 13. Nxe4 Nf6 14.
Bf4 Qd7 15. Nc5 Bxc5 16. dxc5 Rad8 17. Qd6 Qc8 18. Qe5 Rd3 19. Bxh6 Kh7 20.
Be4 Kxh6 21. Bxd3 Ng4 22. Qe2 Nf6 23. Bxf5 exf5 24. Qe7 Kh7 25. Rad1 Kg8
26. f3 Qb8 27. Qd6 Qc8 28. Re7 b5 29. cxb5 cxb5 30. Rxa7 Ne8 31. Qe7 Qc6
32. Rd8 Qe6 33. Qxe6 fxe6 34. Rb7 g6 35. c6 1-0

[Event "38th Olympiad w"]
[Site "Dresden GER"]
[Date "2008.11.22"]
[Round "9"]
[White "Corbin,R"]
[Black "Walallawita,L"]
[Result "0-1"]
[WhiteElo "1876"]
[BlackElo "1818"]
[EventDate "2008.11.13"]

1. e4 c5 2. Nf3 d6 3. d4 cxd4 4. Nxd4 Nf6 5. Nc3 g6 6. Be3 Bg7 7. f3 O-O 8.
Qd2 Nc6 9. O-O-O Nxd4 10. Bxd4 Be6 11. Kb1 Rc8 12. h4 Bc4 13. h5 Bxf1 14.
Rdxf1 Qa5 15. hxg6 fxg6 16. Rd1 Rc4 17. Nd5 Qxd2 18. Rxd2 Nxe4 19. Bxg7
Nxd2+ 20. Kc1 Kxg7 21. Ne3 Ra4 22. Kxd2 Rxa2 23. Rb1 Ra5 24. c3 Rc5 25. Ra1
a5 26. Ra4 b6 27. Re4 e5 28. Rh4 b5 29. Rh1 h5 30. Ra1 a4 31. c4 bxc4 32.
Rxa4 d5 33. Ra7+ Kh6 34. Nc2 Rb8 35. Ra2 Rcb5 36. Kc1 Kg5 37. g3 h4 38.
gxh4+ Kxh4 39. Ne1 Kg3 40. b4 Rxb4 41. Rg2+ Kf4 42. Rxg6 Rb1+ 43. Kd2 R8b2+
44. Nc2 Kxf3 45. Rg5 Kf4 46. Rh5 d4 47. Rh4+ Kg5 48. Re4 d3 49. Rxe5+ Kf4
0-1

[Event "38th Olympiad w"]
[Site "Dresden GER"]
[Date "2008.11.22"]
[Round "9"]
[White "Nakagawa,E"]
[Black "Yueh, Elsa Wei Chung"]
[Result "1-0"]
[WhiteElo "1860"]
[BlackElo "1612"]
[EventDate "2008.11.13"]

1. d4 Nf6 2. c4 e6 3. Nc3 Bb4 4. Qc2 c5 5. dxc5 Na6 6. a3 Qa5 7. Bd2 Nxc5
8. Nf3 d6 9. Rc1 Bxc3 10. Bxc3 Qa4 11. Qxa4+ Nxa4 12. Bxf6 gxf6 13. b4 Rg8
14. g3 b6 15. Bg2 Bb7 16. O-O Rc8 17. Nd2 Bxg2 18. Kxg2 Rg4 19. Rc2 b5 20.
Rfc1 bxc4 21. Nxc4 Rd4 22. Nxd6+ Rxd6 23. Rxc8+ Rd8 24. Rxd8+ Kxd8 25. Rc4
Nb6 26. Rh4 Ke7 27. Rxh7 Nc4 28. a4 a5 29. bxa5 Nxa5 30. Rh4 f5 31. Rb4 Kd6
32. h4 Ke7 33. Kf3 Kf6 34. Ke3 Nc6 35. Rb5 Kg6 36. a5 f6 37. a6 Na7 38. Rb7
Nc6 39. a7 Nxa7 40. Rxa7 e5 41. f3 Kh5 42. Rh7+ Kg6 43. Rh8 Kg7 44. Ra8 Kg6
45. g4 1-0

[Event "38th Olympiad w"]
[Site "Dresden GER"]
[Date "2008.11.22"]
[Round "9"]
[White "Chen I Chen"]
[Black "Uchida,N"]
[Result "0-1"]
[WhiteElo "1725"]
[BlackElo "1822"]
[EventDate "2008.11.13"]

1. e4 e5 2. Nf3 Nc6 3. d4 exd4 4. Nxd4 Qh4 5. Nc3 Bb4 6. Be2 Qxe4 7. Ndb5
Bxc3+ 8. bxc3 Kd8 9. O-O Nf6 10. Bd3 Qg4 11. f3 Qa4 12. Be3 d6 13. Qd2 Ne5
14. Be2 Nc4 15. Bxc4 Qxc4 16. Nd4 Nd5 17. Bf2 f6 18. Rfe1 Re8 19. Rxe8+
Kxe8 20. Qe1+ Kf7 21. Qe4 c5 22. Qxh7 cxd4 23. Qh5+ Ke7 24. Qh8 Kd7 25.
Bxd4 Qe2 26. Qxg7+ Qe7 27. Qg8 Qe6 28. Qh7+ Kc6 29. Qd3 Nf4 30. Qd2 Ne2+
31. Kh1 Nxd4 32. cxd4 Qc4 33. Re1 Bd7 34. Qa5 b6 35. Qd2 Re8 36. Rxe8 Qf1+
0-1

[Event "38th Olympiad w"]
[Site "Dresden GER"]
[Date "2008.11.22"]
[Round "9"]
[White "Shabanaj,E"]
[Black "Melnik,G"]
[Result "1/2-1/2"]
[WhiteElo "2093"]
[BlackElo "2062"]
[EventDate "2008.11.13"]

1. d4 d5 2. Nf3 Nf6 3. c4 e6 4. Bg5 Be7 5. Nc3 c6 6. cxd5 exd5 7. e3 Bf5 8.
Be2 h6 9. Bxf6 Bxf6 10. O-O Nd7 11. Bd3 Bxd3 12. Qxd3 O-O 13. Rac1 Re8 14.
Rfe1 Nf8 15. h3 Ng6 16. Re2 Re6 17. Rce1 Be7 18. Nh2 Bd6 19. g3 Qc7 20. f4
Nf8 21. Rc1 Qd7 22. Kg2 Rg6 23. Nf3 Re6 24. Ne5 Qd8 25. Rf1 f6 26. Nf3 Qd7
27. a3 Rae8 28. Rfe1 Bc7 29. Na4 Bd6 30. b4 a6 31. Qb3 Qf7 32. Nb2 Kh8 33.
Nd1 Nd7 34. Nf2 Kg8 35. f5 R6e7 36. Nh4 Nf8 37. e4 Bb8 38. Qf3 dxe4 39.
Nxe4 Kh8 40. Nc3 Rxe2+ 41. Rxe2 Rxe2+ 42. Qxe2 Kg8 43. Qa2 Qxa2+ 44. Nxa2
Nd7 45. Kf3 Nb6 46. g4 Bd6 47. Ng2 Nc4 48. a4 Nb2 49. Ne3 Nxa4 50. Nc4 Bc7
51. Ke4 Kf8 52. d5 cxd5+ 53. Kxd5 Ke7 54. Ke4 b5 55. Ne3 Be5 56. h4 Kd6 57.
Nd5 Bg3 58. h5 Be5 59. Nc1 Nc3+ 60. Nxc3 Bxc3 61. Nd3 a5 62. bxa5 Bxa5 63.
Nf4 Kc5 64. Kd3 Be1 65. Ne6+ Kd5 66. Nxg7 b4 67. Kc2 Ke4 68. Ne6 Bc3 69.
Kb3 Kf3 70. Kc4 Kxg4 71. Ng7 Kf4 72. Kb3 Ke5 73. Kc4 Ke4 74. Kb3 Kd3 75.
Ne6 Ke4 76. Ng7 Kd4 77. Ne6+ Kd5 78. Ng7 1/2-1/2